Descriptive geometry
Αποθηκεύτηκε σε:
| Άλλοι συγγραφείς: | |
|---|---|
| Μορφή: | Βιβλίο |
| Γλώσσα: | English |
| Δημοσίευση: |
Upper Saddle River :
Prentice Hall,
c1997.
|
| Έκδοση: | 9th ed. |
| Θέματα: | |
| Ετικέτες: |
Προσθήκη ετικέτας
Δεν υπάρχουν, Καταχωρήστε ετικέτα πρώτοι!
|
MARC
| LEADER | 00000cam a2200000 i 4500 | ||
|---|---|---|---|
| 001 | 1/1291 | ||
| 008 | 000417s1997 nju| ||| |||| ||eng|| | ||
| 020 | |a 002391341X | ||
| 035 | |l 10059966 | ||
| 040 | |a GR-MyUa |b gre |e AACR2 | ||
| 041 | 0 | |a eng | |
| 082 | 7 | |a 516.6 |2 (22) | |
| 245 | 0 | 0 | |a Descriptive geometry / |c E.G. Pare...[et.al.]. |
| 250 | |a 9th ed. | ||
| 260 | |a Upper Saddle River : |b Prentice Hall, |c c1997. | ||
| 300 | |a xvi, 455 σ. : |b εικ. ; |c 25 εκ. | ||
| 500 | |a Περιλαμβάνει ευρετήριο. | ||
| 650 | 0 | 0 | |a Geometry, Descriptive. |
| 700 | 1 | |a Pare, E. G. |q (Eugene George) | |
| 852 | |a INST |b SAMOS |e 20000417 |h 516.6 DES |p 005300017567 |q 005300017567 |t BK |y 0 | ||
| 901 | |a BIBL3-2000-2 | ||
| 922 | |a 3ΕΛΗ |b 200003 |c ΚΠΣ |d ΠΑΠΑΣΩΤΗΡΙΟΥ | ||
| 950 | |a 116-1999-12-28 | ||
| 970 | |a ΓΕΝΟΥΖΟΥ |b ΧΡΥΣΑΝΘΗ |z 2000/05/15 | ||